ბათუმის შოთა რუსთაველის სახელმწიფო უნივერსიტეტის ბიბლიოთეკა

როლანის სიმღერა : (ბიბ.ჩანაწერი № 56056)

000 -ლიდერი
ფიქსირებული სიგრძის საკონტროლო ველი 01284nam a2200265Ia 4500
001 - საკონტროლო ნომერი
საკონტროლო ველი 23156
003 - საკონტროლო ნომრის იდენტიფიკატორი
საკონტროლო ველი GE_BSU
005 - ბოლო ოპერაციის თარიღი და დრო
საკონტროლო ველი 20230724120959.0
008 - ფიქსირებული სიგრძის მონაცემთა ელემენტები - ზოგადი ინფორმაცია
ფიქსირებული სიგრძის საკონტროლო ველი 181216s1982||||ge |||||||||||||| ||geo||
040 ## - კატალოგიზაციის წყარო
Transcribing agency GE_BSU
041 ## - ენის კოდი
Language code of text/sound track or separate title geo
080 ## - უნივერსალური ათობითი კლასიფიკაციის ინდექსი
Universal Decimal Classification number 821.133.1-13 რ-78
245 ## - ცნობა სათაურის შესახებ
Title როლანის სიმღერა :
Remainder of title ფრანგ. საგმირო ეპოსი. პოემა /
Statement of responsibility, etc ფრანგ. თარგმნა და შენიშვნ. დაურთო გ. გეგეჭკორმა ; წინასიტყვ. ავტ. გ. ბუაჩიძე ; რედ. გ. ბუაჩიძე.
264 ## - წარმოების, გამოცემის, დისტრიბუციის და სხვა ცნობები
გამოცემის, წარმოების, დისტრიბუციის... ადგილი თბილისი :
გამოცემის, წარმოების, დისტრიბუციის... სახელწოდება ნაკადული,
გამოცემის, წარმოების, დისტრიბუციის... თარიღი 1982.
300 ## - ფიზიკური აღწერა
Extent 207 გვ. ;
Dimensions 20 სმ
500 ## - ზოგადი შენიშვნა
General note პარალელური სათაური ინგლისური
520 ## - SUMMARY, ETC.
Summary, etc პარალ. სათ. ინგლ.
653 ## - INDEX TERM--UNCONTROLLED
Uncontrolled term როლანის სიმღერა
653 ## - INDEX TERM--UNCONTROLLED
Uncontrolled term ფრანგული საგმირო ეპოსი
653 ## - INDEX TERM--UNCONTROLLED
Uncontrolled term პოემა
700 ## - ADDED ENTRY--PERSONAL NAME
Personal name გეგეჭკორი, გ.
Relator term მთარგნმელი
9 (RLIN) 16123
700 ## - ADDED ENTRY--PERSONAL NAME
Personal name ბუაჩიძე, გ.
Relator term რედაქტორი
9 (RLIN) 16076
942 ## - ADDED ENTRY ELEMENTS (KOHA)
Koha item type წიგნი
Source of classification or shelving scheme
ეგზემპლარები
ჩამოწერის სტატუსი დაკარგული ეგზემპლარის სტატუსი კლასიფიკაციის წყარო ან თაროზე გაწყობის სქემა დაზიანების სტატუსი არ გაიცემა მუდმივი მდებარეობა (დაცვის ადგილი) ამჟამინდელი ადგილსამყოფელი თაროზე განთავსების ადგილი შეძენის თარიღი ღირებულება, შესყიდვის ნორმალური ფასი სრული შენახვის შიფრი შტრიხკოდი ბოლო ოპერაციის თარიღი ეგზემპლარის მიმდევრობითი ნომერი (კეტერი?) ფასის ძალაში შესვლის თარიღი ეგზემპლარის სახეობა საჯარო შენიშვნა
          ბათუმის შოთა რუსთაველის სახელმწიფო უნივერსიტეტის მთავარი ბიბლიოთეკა ბათუმის შოთა რუსთაველის სახელმწიფო უნივერსიტეტის მთავარი ბიბლიოთეკა წიგნსაცავი 2018-12-17 5.00 821.133.1-13 რ-78 58622 2018-12-17 58622 2018-12-17 წიგნი 5.00 ₾.